Southville International School and Colleges
Your cart is empty.
  • Cart
  • Lists
    Public lists Eva Luna New books Lux_list list_1
    Your lists Log in to create your own lists
  • Log in to your account
  • Your cookies
  • Search history
Southville International School and Colleges
  • Advanced search
  • Recent comments
  • Most popular
  • Libraries

Log in to your account

Log in with GOOGLE


If you do not have an external account, but do have a local account, you can still log in:

  1. Home
  2. MARC view: Archaeology and emerging kabikolan /
Normal view MARC view ISBD view

Archaeology and emerging kabikolan / (Record no. 118158)

[ view plain ]
MARC details
000 -LEADER
fixed length control field 00615nam a2200181Ia 4500
008 - FIXED-LENGTH DATA ELEMENTS--GENERAL INFORMATION
fixed length control field 140609s9999 xx 000 0 und d
020 ## - INTERNATIONAL STANDARD BOOK NUMBER
International Standard Book Number 9789715426947
050 ## - LIBRARY OF CONGRESS CALL NUMBER
Classification number DS 688.B4
Item number .R127 2012
100 ## - MAIN ENTRY--PERSONAL NAME
Personal name Ragragio, Andrea Malaya M.
245 ## - TITLE STATEMENT
Title Archaeology and emerging kabikolan /
Statement of responsibility, etc Andrea Malaya M. Ragragio,
260 ## - PUBLICATION, DISTRIBUTION, ETC. (IMPRINT)
Place of publication, distribution, etc Quezon , Philippines :
Name of publisher, distributor, etc The University of the Philippines Press, 
Date of publication, distribution, etc c2012.
300 ## - PHYSICAL DESCRIPTION
Extent 260 p. :
Other physical details ill. ;
Dimensions 23 cm.
500 ## - GENERAL NOTE
General note Includes bibliographical references and index.
521 ## - TARGET AUDIENCE NOTE
Target audience note
650 ## - SUBJECT ADDED ENTRY--TOPICAL TERM
Topical term or geographic name as entry element Archaeology
General subdivision Philippines -- Bicol.
942 ## - ADDED ENTRY ELEMENTS (KOHA)
Call number prefix Local
Koha item type Books
Holdings
Withdrawn status Lost status Damaged status Home library Current library Shelving location Date acquired Cost, normal purchase price Total Checkouts Full call number Barcode Date last seen Price effective from Koha item type
      College Library College Library Filipiniana Section 06/09/2014 595.00    DS 688.B4 .R127 2012 C18446 05/08/2018 06/09/2014 Books

Archaeology and emerging kabikolan /

APA

Ragragio A. M. M., . (2012). Archaeology and emerging kabikolan. Quezon , Philippines: The University of the Philippines Press.

Chicago

Ragragio Andrea Malaya M, . 2012. Archaeology and emerging kabikolan. Quezon , Philippines: The University of the Philippines Press.

Harvard

Ragragio A. M. M., . (2012). Archaeology and emerging kabikolan. Quezon , Philippines: The University of the Philippines Press.

MLA

Ragragio Andrea Malaya M, . Archaeology and emerging kabikolan. Quezon , Philippines: The University of the Philippines Press. 2012.

  • Place hold
  • Print
  • Cite
  • Add to your cart (remove)
  • Save record
    BIBTEX Dublin Core MARCXML MARC (non-Unicode/MARC-8) MARC (Unicode/UTF-8) MARC (Unicode/UTF-8, Standard) MODS (XML) RIS
  • More searches
    Search for this title in:
    Other Libraries (WorldCat) Other Databases (Google Scholar) Online Stores (Bookfinder.com) Open Library (openlibrary.org)

Exporting to Dublin Core...

SOUTHVILLE LIBRARY

Southville International School and Colleges Library

1281 Tropical Ave. Cor. Luxembourg St., BF Homes International, Las Pinas City

Tel. No. 8256374 / 252358 Loc. 117/146

Powered by Koha